Surnoms - Statistiques

Statistiques générales
  • Ce quiz a été pris 682 fois
  • Le résultat moyen est 8 sur 16
Statistiques - réponses
PRÉNOM SURNOM % Correct
LOLA LOL
95%
LUCIE LULU
83%
LÉA LÉLÉ
78%
OCÉANE OCÉ
77%
JUSTINE JUJU
74%
PAULINE POPO
60%
ANAÏS ANA
59%
CHLOÉ CLOCLO
57%
SARAH SASA
55%
LAURA LOLO
54%
PHILOMÈNE FIFI
26%
CLARA CLAROU
11%
MANON MANMAN
10%
CAMILLE CAMOU
8%
MATHIEU MATHOU
6%
MARIE MARIX
3%
Aucun quiz correspondant
Distribution des résultats
% des personnes avec chaque résultat
Percentile par nombre de réponses
Votre historique - résultats
Vous n’avez pas pris ce quiz